| 000 | 01486cam a2200409 a 4500 | ||
|---|---|---|---|
| 001 | 4680906 | ||
| 003 | OSt | ||
| 005 | 20210417111045.0 | ||
| 008 | 820823s1982 nyu b 001 0 eng | ||
| 010 | _a 81068412 | ||
| 020 | _a0465079342 : | ||
| 020 | _a0465079350 (pbk.) | ||
| 035 | _a(DLC) 81068412 | ||
| 040 |
_aeng _cDLC _deng |
||
| 041 | _aeng | ||
| 043 | _an-us--- | ||
| 050 | 0 | 0 |
_aRA395.A3 _bS77 1982 |
| 060 | _aWZ 70 AA1 S7s | ||
| 080 |
_a61 (09) _bS-81 |
||
| 082 | 0 | 0 |
_a305/.961/0973 _219 |
| 100 | 1 |
_aStarr, Paul, _d1949- |
|
| 245 | 1 | 4 |
_aThe social transformation of American medicine / The Rise of a Sovereign Profession and the Making of a Vast Industry _cPaul Starr. |
| 260 |
_aNew York : _bBasic Books, _cc1982. |
||
| 300 |
_axiv, 514 p. ; _c24 cm. |
||
| 504 | _aIncludes bibliographical references and index. | ||
| 650 | 0 |
_aMedical care _zUnited States _xHistory. |
|
| 650 | 0 |
_aSocial medicine _zUnited States _xHistory. |
|
| 650 | 0 |
_aPhysicians _zUnited States _xHistory. |
|
| 650 | 2 |
_aHistory of medicine, Modern _zUnited States. |
|
| 653 | _aმედიცინის ისტორია | ||
| 653 | _aსოციალური მედიცინა | ||
| 653 | _aსამედიცინო მოვლა | ||
| 653 | _aექიმები | ||
| 856 | 4 | 2 |
_3Contributor biographical information _uhttp://www.loc.gov/catdir/enhancements/fy0832/81068412-b.html |
| 906 |
_a7 _bcbc _corignew _d1 _eopcn _f19 _gy-gencatlg |
||
| 942 |
_2udc _cBK |
||
| 999 |
_c199 _d199 |
||